[Event "ITT Villa Martelli 2008 Verano"]
[Site "Villa Martelli ARG"]
[Date "2008.01.05"]
[Round "1.1"]
[White "Iermito, Sebastian"]
[Black "Fusco, Leonardo"]
[Result "1/2-1/2"]
[WhiteElo "2344"]
[BlackElo "2313"]
[PlyCount "41"]
[EventDate "2008.01.05"]
[EventType "tourn"]
[EventRounds "9"]
[EventCountry "ARG"]
[EventCategory "4"]
[Source "lmi"]
[SourceDate "2008.01.05"]

1. d4 Nf6 2. c4 g6 3. Nc3 d5 4. Nf3 Bg7 5. Qb3 dxc4 6. Qxc4 O-O 7. e4 a6 8. Be2
b5 9. Qb3 c5 10. dxc5 Bb7 11. O-O Nxe4 12. Nxe4 Bxe4 13. Bg5 Nc6 14. Qe3 Qd5
15. Rad1 Qe6 16. Bh6 Bc2 17. Rd2 Qxe3 18. Bxe3 Bf5 19. Nd4 Bxd4 20. Bxd4 Rfd8
21. Bf3 1/2-1/2

[Event "ITT Villa Martelli 2008 Verano"]
[Site "Villa Martelli ARG"]
[Date "2008.01.05"]
[Round "1.3"]
[White "Granara Barreto, Sebastian A"]
[Black "Mayorga, Nicolas"]
[Result "0-1"]
[WhiteElo "2267"]
[BlackElo "2274"]
[PlyCount "72"]
[EventDate "2008.01.05"]
[EventType "tourn"]
[EventRounds "9"]
[EventCountry "ARG"]
[EventCategory "4"]
[Source "lmi"]
[SourceDate "2008.01.05"]

1. c4 Nf6 2. Nc3 g6 3. e4 d6 4. g3 Bg4 5. f3 Bd7 6. Nge2 Nc6 7. d4 Bg7 8. Be3
O-O 9. Qd2 e5 10. d5 Na5 11. Nc1 c5 12. b3 a6 13. Bd3 b5 14. cxb5 axb5 15. Nxb5
Nxd5 16. Nxd6 Nxe3 17. Qxe3 Be6 18. Qxc5 Qe7 19. b4 Nb7 20. Nxb7 Qxb7 21. O-O
Rfc8 22. Qf2 Qxb4 23. Rb1 Qa3 24. Nb3 Bf8 25. Kh1 Rc3 26. Rfd1 Qxa2 27. Qxa2
Rxa2 28. Nc1 Rf2 29. Rf1 Rd2 30. Be2 Bh3 31. Re1 Re3 32. Rb3 Bc5 33. Rxe3 Bxe3
34. Bf1 Bf2 35. Re2 Rd1 36. Rxf2 Bxf1 0-1

[Event "ITT Villa Martelli 2008 Verano"]
[Site "Villa Martelli ARG"]
[Date "2008.01.05"]
[Round "1.4"]
[White "Obregon, Andres Carlos"]
[Black "Rodriguez Vila, Andres"]
[Result "0-1"]
[WhiteElo "2355"]
[BlackElo "2566"]
[PlyCount "90"]
[EventDate "2008.01.05"]
[EventType "tourn"]
[EventRounds "9"]
[EventCountry "ARG"]
[EventCategory "4"]
[Source "lmi"]
[SourceDate "2008.01.05"]

1. e4 e6 2. d4 d5 3. Nc3 Bb4 4. e5 c5 5. a3 Bxc3+ 6. bxc3 Nc6 7. Qg4 g6 8. a4
Qc7 9. Bd2 Bd7 10. Nf3 f5 11. Qh4 h6 12. Bb5 c4 13. O-O Nd8 14. Ng5 Bxb5 15.
axb5 Qg7 16. Nh3 g5 17. Qg3 Ne7 18. Ra2 Rg8 19. Rfa1 f4 20. Qg4 Qg6 21. g3 f3
22. Kh1 Rf8 23. Ng1 Rf5 24. h4 h5 25. Qh3 g4 26. Qf1 Nc8 27. Qc1 b6 28. Kh2 Qh7
29. Bf4 Rb8 30. Bd2 Rb7 31. Kh1 Qd7 32. Rb1 Nf7 33. Ra3 Ne7 34. Rba1 Kd8 35.
R1a2 Kc8 36. Qa1 Kb8 37. Ra4 Ng6 38. Ra6 Nxh4 39. gxh4 Qe7 40. Nxf3 Rxf3 41.
Be1 Qxh4+ 42. Kg1 Ng5 43. Rxa7 Nh3+ 44. Kg2 Nf4+ 45. Kg1 Ne2+ 0-1

[Event "ITT Villa Martelli 2008 Verano"]
[Site "Villa Martelli ARG"]
[Date "2008.01.05"]
[Round "2.1"]
[White "Fusco, Leonardo"]
[Black "Della Morte, Pablo"]
[Result "1/2-1/2"]
[WhiteElo "2313"]
[BlackElo "2273"]
[PlyCount "30"]
[EventDate "2008.01.05"]
[EventType "tourn"]
[EventRounds "9"]
[EventCountry "ARG"]
[EventCategory "4"]
[Source "lmi"]
[SourceDate "2008.01.05"]

1. e4 e5 2. Nf3 Nc6 3. Bb5 a6 4. Bxc6 dxc6 5. Nc3 Bg4 6. h3 Bxf3 7. Qxf3 Nf6 8.
d3 Be7 9. Be3 O-O 10. O-O c5 11. Ne2 Qd7 12. Rad1 Rad8 13. a3 b5 14. Kh2 Qc6
15. Ng3 Rc8 1/2-1/2

[Event "ITT Villa Martelli 2008 Verano"]
[Site "Villa Martelli ARG"]
[Date "2008.01.05"]
[Round "2.2"]
[White "Rodriguez Vila, Andres"]
[Black "De Dovitiis, Alejo"]
[Result "0-1"]
[WhiteElo "2566"]
[BlackElo "2326"]
[PlyCount "94"]
[EventDate "2008.01.05"]
[EventType "tourn"]
[EventRounds "9"]
[EventCountry "ARG"]
[EventCategory "4"]
[Source "lmi"]
[SourceDate "2008.01.05"]

1. f4 Nf6 2. g3 g6 3. Bg2 d5 4. Nf3 Bg7 5. O-O O-O 6. d3 c5 7. Qe1 d4 8. c4 Nc6
9. h3 Bd7 10. Na3 Ne8 11. Bd2 Nd6 12. g4 a6 13. Qg3 Rc8 14. Rac1 f5 15. g5 Nf7
16. h4 Re8 17. h5 e5 18. Nh4 Ne7 19. hxg6 hxg6 20. fxe5 Bxe5 21. Bf4 Bxf4 22.
Rxf4 Qb6 23. Rb1 a5 24. Nc2 Kg7 25. e4 dxe3 26. Nxe3 Qc7 27. Rbf1 Ne5 28. Qe1
Be6 29. Qc3 Rcd8 30. Rd1 Kg8 31. Nf3 Nxf3+ 32. Rxf3 Nc6 33. Rh3 Nd4 34. Rd2 Qe5
35. Nf1 f4 36. Rf2 Qxg5 37. Kh1 Bxh3 38. Bxh3 Re2 39. Rh2 Rxh2+ 40. Nxh2 Qg3
41. Bf1 b6 42. Qd2 Re8 43. Qg2 Qxg2+ 44. Kxg2 Re1 45. Ng4 Rb1 46. b3 Rb2+ 47.
Kh3 Kg7 0-1

[Event "ITT Villa Martelli 2008 Verano"]
[Site "Villa Martelli ARG"]
[Date "2008.01.05"]
[Round "2.3"]
[White "Mayorga, Nicolas"]
[Black "Obregon, Andres Carlos"]
[Result "0-1"]
[WhiteElo "2274"]
[BlackElo "2355"]
[PlyCount "174"]
[EventDate "2008.01.05"]
[EventType "tourn"]
[EventRounds "9"]
[EventCountry "ARG"]
[EventCategory "4"]
[Source "lmi"]
[SourceDate "2008.01.05"]

1. d4 Nf6 2. c4 e6 3. Nc3 Bb4 4. e3 c5 5. Nge2 cxd4 6. exd4 d5 7. a3 Be7 8. c5
O-O 9. g3 b6 10. b4 a5 11. Rb1 axb4 12. axb4 Nc6 13. Bg2 Rb8 14. Bf4 Rb7 15.
Qa4 Bd7 16. b5 Ra7 17. Qc2 Na5 18. c6 Bc8 19. O-O Ne8 20. Ra1 Bd6 21. Rfe1 Bc7
22. Bxc7 Nxc7 23. Ra4 Ra8 24. Nf4 Re8 25. Bf1 Qd6 26. Qa2 Rd8 27. Qa3 Kf8 28.
Qxd6+ Rxd6 29. Rea1 Ke7 30. Rb4 g6 31. Kg2 f6 32. Nd3 Rd8 33. Rba4 Rb8 34. Nc1
e5 35. Rb1 Bf5 36. Rb2 Ra8 37. Nb3 Nxb3 38. Rxb3 Bc2 39. Rxa8 Rxa8 40. Rb2 Bf5
41. Rb4 Kd6 42. Na4 Rb8 43. Kf3 Ne6 44. dxe5+ fxe5 45. Ke3 Nc7 46. f4 Bc2 47.
fxe5+ Kxe5 48. Nb2 Bf5 49. Nd3+ Bxd3 50. Bxd3 d4+ 51. Kd2 Ra8 52. Bc2 Rf8 53.
Ke2 Nd5 54. Rc4 Nc3+ 55. Ke1 Rc8 56. Rb4 Kd5 57. Bd3 Rc7 58. Kd2 Re7 59. Rb3
Kc5 60. Rxc3+ dxc3+ 61. Kxc3 Kd6 62. Kd2 Kc5 63. Kc3 Ra7 64. h4 Ra3+ 65. Kb2
Kb4 66. Kc2 Rc3+ 67. Kd2 Rc5 68. Ke3 Kc3 69. Ke4 h6 70. Bf1 Kd2 71. Bh3 Ke2 72.
Be6 Kf2 73. Bd5 Rxb5 74. Ke5 Kxg3 75. c7 Rc5 76. Kd6 Rxc7 77. Kxc7 Kxh4 78.
Kxb6 Kg3 79. Kc5 g5 80. Kd4 h5 81. Ke3 g4 82. Ke2 Kh2 83. Kf2 h4 84. Bg2 g3+
85. Kf1 h3 86. Bxh3 Kxh3 87. Kg1 g2 0-1

[Event "ITT Villa Martelli 2008 Verano"]
[Site "Villa Martelli ARG"]
[Date "2008.01.05"]
[Round "2.4"]
[White "Fernandez, Daniel"]
[Black "Granara Barreto, Sebastian A"]
[Result "1-0"]
[WhiteElo "2417"]
[BlackElo "2267"]
[PlyCount "109"]
[EventDate "2008.01.05"]
[EventType "tourn"]
[EventRounds "9"]
[EventCountry "ARG"]
[EventCategory "4"]
[Source "lmi"]
[SourceDate "2008.01.05"]

1. Nf3 Nf6 2. c4 c6 3. d4 d5 4. e3 Bf5 5. Nc3 e6 6. Nh4 Bg6 7. Nxg6 hxg6 8. g3
Nbd7 9. Bg2 Bb4 10. O-O Bxc3 11. bxc3 Nb6 12. c5 Nbd7 13. f3 b6 14. cxb6 axb6
15. e4 O-O 16. Bg5 Qc7 17. e5 Nh7 18. Be7 Rfc8 19. Bd6 Qa7 20. a4 c5 21. c4
cxd4 22. cxd5 Rc4 23. f4 Rac8 24. dxe6 fxe6 25. Be4 Ndf8 26. Bd3 Rc3 27. Bb5
Qb7 28. Qxd4 Rc2 29. Rf2 g5 30. Raf1 Rxf2 31. Qxf2 Qe4 32. Rd1 gxf4 33. Qxf4
Qa8 34. Bd3 Qa7 35. Kg2 Qb7+ 36. Qf3 Qxf3+ 37. Kxf3 Ng5+ 38. Kf4 Nf7 39. h4 Nd7
40. Bb5 Nc5 41. Rd4 Nh6 42. g4 Nf7 43. h5 Kh7 44. g5 Kg8 45. g6 Nxd6 46. exd6
Rf8+ 47. Kg4 Rd8 48. d7 e5 49. Rd6 Kf8 50. Kf3 Ke7 51. Rxb6 Rh8 52. a5 Rxh5 53.
Rb8 e4+ 54. Kg4 Rd5 55. Re8+ 1-0

[Event "ITT Villa Martelli 2008 Verano"]
[Site "Villa Martelli ARG"]
[Date "2008.01.05"]
[Round "2.5"]
[White "Iermito, Sebastian"]
[Black "Moskow, Eric"]
[Result "0-1"]
[WhiteElo "2344"]
[BlackElo "2223"]
[PlyCount "106"]
[EventDate "2008.01.05"]
[EventType "tourn"]
[EventRounds "9"]
[EventCountry "ARG"]
[EventCategory "4"]
[Source "lmi"]
[SourceDate "2008.01.05"]

1. d4 Nf6 2. c4 e6 3. Nf3 c5 4. d5 exd5 5. cxd5 g6 6. Nc3 d6 7. Nd2 a6 8. a4
Bg7 9. Nc4 O-O 10. Bf4 Ne8 11. Qd2 Nd7 12. Nxd6 Nxd6 13. Bxd6 Re8 14. e3 Qf6
15. Bg3 h5 16. h3 h4 17. Bh2 Qg5 18. Rg1 Nf6 19. f4 Qh6 20. Bd3 Bd7 21. Kf2 b5
22. axb5 axb5 23. Rxa8 Rxa8 24. Ne4 Nxe4+ 25. Bxe4 Ra2 26. Rb1 Qh8 27. d6 c4
28. Qd5 Bxb2 29. Kg1 Qc3 30. Kh1 Qf6 31. Qb7 Qd8 32. Bg1 Bf6 33. Bc6 Be6 34. d7
Rd2 35. Bxb5 c3 36. Ba4 Bd5 37. Bc6 Bxc6 38. Qxc6 Rxd7 39. Rc1 Rc7 40. Qe4 Kg7
41. f5 Qe7 42. Qd3 Qd7 43. Qb1 Qxf5 44. e4 Qc8 45. Bh2 c2 46. Qa2 Rc4 47. Bf4
Qc6 48. e5 Be7 49. Bd2 Qe4 50. Qa7 Bf8 51. Qd7 Rd4 52. Bh6+ Kxh6 53. Qc7 Rd1+
0-1

[Event "ITT Villa Martelli 2008 Verano"]
[Site "Villa Martelli ARG"]
[Date "2008.01.06"]
[Round "3.1"]
[White "Moskow, Eric"]
[Black "Fusco, Leonardo"]
[Result "1/2-1/2"]
[WhiteElo "2223"]
[BlackElo "2313"]
[PlyCount "124"]
[EventDate "2008.01.05"]
[EventType "tourn"]
[EventRounds "9"]
[EventCountry "ARG"]
[EventCategory "4"]
[Source "lmi"]
[SourceDate "2008.01.05"]

1. Nf3 Nf6 2. c4 g6 3. Nc3 Bg7 4. g3 O-O 5. Bg2 d6 6. O-O e5 7. d3 Nc6 8. Bg5
h6 9. Bxf6 Bxf6 10. Rb1 Ne7 11. b4 Bg7 12. b5 f5 13. Qb3 Be6 14. Nd2 Qc8 15.
Nd5 Rf7 16. Rfc1 Kh8 17. Nxe7 Rxe7 18. a4 Rb8 19. Qb4 Rf7 20. c5 d5 21. b6 a6
22. c6 cxb6 23. cxb7 Qxb7 24. Qd6 Re8 25. Rxb6 Qd7 26. Rcc6 a5 27. Qxd7 Bxd7
28. Bxd5 Rfe7 29. Rc4 e4 30. dxe4 fxe4 31. e3 Bf5 32. Rb5 Rd8 33. g4 Bxg4 34.
Rxe4 Rxe4 35. Nxe4 Bf3 36. Rxa5 Rc8 37. Ra8 Rxa8 38. Bxa8 g5 39. Bd5 Bxe4 40.
Bxe4 Bc3 41. h4 Kg7 42. h5 Kf6 43. Kf1 Ke5 44. Bg6 Kd5 45. Ke2 Kc4 46. Bf7+ Kb4
47. Be8 Kc4 48. Kf3 Kd5 49. Bf7+ Ke5 50. Kg4 Bd2 51. Bg6 Ba5 52. f4+ gxf4 53.
exf4+ Ke6 54. Kf3 Kd5 55. Bf7+ Kd4 56. Kg4 Ke4 57. Bg6+ Kd5 58. Kf5 Bc7 59. Kg4
Kd4 60. Be8 Ke3 61. f5 Bd6 62. Bc6 Kd4 1/2-1/2

[Event "ITT Villa Martelli 2008 Verano"]
[Site "Villa Martelli ARG"]
[Date "2008.01.06"]
[Round "3.2"]
[White "Granara Barreto, Sebastian A"]
[Black "Iermito, Sebastian"]
[Result "1-0"]
[WhiteElo "2267"]
[BlackElo "2344"]
[PlyCount "99"]
[EventDate "2008.01.05"]
[EventType "tourn"]
[EventRounds "9"]
[EventCountry "ARG"]
[EventCategory "4"]
[Source "lmi"]
[SourceDate "2008.01.05"]

1. d4 Nf6 2. Nf3 c5 3. c4 cxd4 4. Nxd4 e5 5. Nc2 b5 6. Nc3 bxc4 7. e4 Ba6 8.
Ne3 Bb4 9. Nf5 O-O 10. Qf3 Nc6 11. Be3 g6 12. Nh6+ Kg7 13. Rd1 Nh5 14. g4 Qf6
15. Nf5+ gxf5 16. g5 Qd8 17. Qxh5 f4 18. Qh6+ Kh8 19. Bh3 Rg8 20. Bf5 Rg6 21.
Bxg6 fxg6 22. O-O Bf8 23. Qh4 Nb4 24. a3 Nd3 25. Nd5 Bg7 26. Bc1 Rb8 27. Qg4
Bb7 28. h4 Bc8 29. Qe2 h6 30. Kg2 hxg5 31. h5 d6 32. hxg6 g4 33. Rh1+ Kg8 34.
Rxd3 cxd3 35. Qxd3 Be6 36. b4 Kf8 37. Bb2 Rc8 38. Rh7 Qg5 39. Nxf4 Bc4 40.
Qxd6+ Kg8 41. Ne6 Qf6 42. Rxg7+ Kh8 43. Rh7+ Kg8 44. Rg7+ Kh8 45. Rh7+ Kg8 46.
Rf7 Qxe6 47. Qxe6 Bxe6 48. Re7 Bc4 49. Rxe5 Bd3 50. Rh5 1-0

[Event "ITT Villa Martelli 2008 Verano"]
[Site "Villa Martelli ARG"]
[Date "2008.01.06"]
[Round "3.4"]
[White "De Dovitiis, Alejo"]
[Black "Mayorga, Nicolas"]
[Result "1-0"]
[WhiteElo "2326"]
[BlackElo "2274"]
[PlyCount "104"]
[EventDate "2008.01.05"]
[EventType "tourn"]
[EventRounds "9"]
[EventCountry "ARG"]
[EventCategory "4"]
[Source "lmi"]
[SourceDate "2008.01.05"]

1. e4 g6 2. d4 Bg7 3. Nf3 d6 4. Nc3 Nf6 5. h3 O-O 6. Be3 Na6 7. Qd2 c5 8. d5 e6
9. dxe6 Bxe6 10. Ng5 d5 11. Nxe6 fxe6 12. Bxa6 d4 13. Bd3 dxc3 14. bxc3 c4 15.
e5 cxd3 16. exf6 Qxf6 17. cxd3 Qxc3 18. Rc1 Rac8 19. Qxc3 Bxc3+ 20. Ke2 Rc6 21.
Rc2 Bb4 22. Rxc6 bxc6 23. Rc1 Rc8 24. Rc4 a5 25. Bd2 Be7 26. a4 Bd8 27. Rc5 Bb6
28. Rc2 Kf7 29. Rb2 Bd8 30. Rb7+ Rc7 31. Rb6 Be7 32. Bf4 Rc8 33. Rb7 Kf6 34.
Bd2 Rd8 35. Bc3+ e5 36. Rb6 Ke6 37. Rxc6+ Kd5 38. Rc7 Bb4 39. Bd2 h5 40. Rb7
Bxd2 41. Kxd2 Rd6 42. Ke3 Rd8 43. Rb5+ Kd6 44. h4 Rd7 45. g3 Rd8 46. Ke4 Rf8
47. f3 Ra8 48. Rxe5 Kc6 49. Rb5 Re8+ 50. Kd4 Rd8+ 51. Kc4 Rf8 52. f4 Rc8 1-0

[Event "ITT Villa Martelli 2008 Verano"]
[Site "Villa Martelli ARG"]
[Date "2008.01.06"]
[Round "3.5"]
[White "Della Morte, Pablo"]
[Black "Rodriguez Vila, Andres"]
[Result "0-1"]
[WhiteElo "2273"]
[BlackElo "2566"]
[PlyCount "100"]
[EventDate "2008.01.05"]
[EventType "tourn"]
[EventRounds "9"]
[EventCountry "ARG"]
[EventCategory "4"]
[Source "lmi"]
[SourceDate "2008.01.05"]

1. e4 c5 2. Nf3 a6 3. c3 b5 4. d4 Bb7 5. Bd3 e6 6. O-O Nf6 7. Re1 Be7 8. a4 c4
9. Bc2 d5 10. exd5 Bxd5 11. Nbd2 Nc6 12. Nf1 b4 13. Ne3 O-O 14. Qe2 Qc7 15.
Nxd5 exd5 16. Ne5 Rfe8 17. f4 b3 18. Bb1 Bf8 19. Qf3 g6 20. Be3 Bg7 21. Bf2 Qd6
22. g4 Nd7 23. Rf1 f6 24. Nxc6 Qxc6 25. h4 Re7 26. h5 Nf8 27. hxg6 hxg6 28. Re1
Rxe1+ 29. Bxe1 a5 30. Bd2 Re8 31. Kf2 Qd7 32. Be3 Qf7 33. Bd2 Rd8 34. Be3 Rd6
35. Qh3 Nd7 36. Qg3 Bf8 37. Qh4 Nb6 38. Qh2 Rd8 39. Qh4 Re8 40. Qh3 Qh7 41. Qg3
Bd6 42. Kg2 Kg7 43. Kg1 Rh8 44. Qg2 Qh3 45. Bd2 Qxg2+ 46. Kxg2 Nc8 47. Be3 Ne7
48. Bd2 f5 49. gxf5 gxf5 50. Be3 Kf6 0-1

[Event "ITT Villa Martelli 2008 Verano"]
[Site "Villa Martelli ARG"]
[Date "2008.01.07"]
[Round "4.1"]
[White "Fusco, Leonardo"]
[Black "Rodriguez Vila, Andres"]
[Result "1/2-1/2"]
[WhiteElo "2313"]
[BlackElo "2566"]
[PlyCount "68"]
[EventDate "2008.01.05"]
[EventType "tourn"]
[EventRounds "9"]
[EventCountry "ARG"]
[EventCategory "4"]
[Source "lmi"]
[SourceDate "2008.01.05"]

1. e4 d6 2. d4 g6 3. Nc3 c6 4. Be3 Nf6 5. Qd2 Ng4 6. Bg5 f6 7. Bh4 Bh6 8. f4
Qb6 9. Nge2 f5 10. O-O-O O-O 11. h3 Nf6 12. e5 dxe5 13. dxe5 Nh5 14. Bxe7 Re8
15. Bg5 Bxg5 16. fxg5 Nd7 17. Nf4 Nxf4 18. Qxf4 Nxe5 19. h4 Nf7 20. Bc4 Be6 21.
g4 Bxc4 22. Qxc4 Qe3+ 23. Kb1 Qe6 24. Qxe6 Rxe6 25. gxf5 gxf5 26. Rd7 Rae8 27.
Kc1 R8e7 28. Rxe7 Rxe7 29. Kd2 Nd6 30. b3 Kg7 31. h5 f4 32. Rf1 Rf7 33. Ke2 b5
34. Rd1 Nf5 1/2-1/2

[Event "ITT Villa Martelli 2008 Verano"]
[Site "Villa Martelli ARG"]
[Date "2008.01.07"]
[Round "4.4"]
[White "Iermito, Sebastian"]
[Black "Obregon, Andres Carlos"]
[Result "0-1"]
[WhiteElo "2344"]
[BlackElo "2355"]
[PlyCount "70"]
[EventDate "2008.01.05"]
[EventType "tourn"]
[EventRounds "9"]
[EventCountry "ARG"]
[EventCategory "4"]
[Source "lmi"]
[SourceDate "2008.01.05"]

1. d4 Nf6 2. c4 e6 3. Nf3 c5 4. d5 exd5 5. cxd5 d6 6. Nc3 g6 7. Nd2 Bg7 8. Nc4
O-O 9. Bf4 Na6 10. e3 Nc7 11. Bxd6 Re8 12. Be2 b6 13. O-O Qd7 14. Bg3 Ncxd5 15.
Nxd5 Qxd5 16. Qxd5 Nxd5 17. Bf3 Be6 18. Nd6 Bxb2 19. Nxe8 Rxe8 20. Rab1 Bf6 21.
Bxd5 Bxd5 22. a4 Ba2 23. Rbc1 Bb3 24. a5 c4 25. axb6 axb6 26. f3 b5 27. e4 Rd8
28. Be1 Rd3 29. Rb1 Ba4 30. Kf2 Bd4+ 31. Kg3 c3 32. Bf2 c2 33. Rbe1 Be5+ 34.
Kh3 Rd1 35. Be3 Bc3 0-1

[Event "ITT Villa Martelli 2008 Verano"]
[Site "Villa Martelli ARG"]
[Date "2008.01.07"]
[Round "4.5"]
[White "Moskow, Eric"]
[Black "Granara Barreto, Sebastian A"]
[Result "1/2-1/2"]
[WhiteElo "2223"]
[BlackElo "2267"]
[PlyCount "112"]
[EventDate "2008.01.05"]
[EventType "tourn"]
[EventRounds "9"]
[EventCountry "ARG"]
[EventCategory "4"]
[Source "lmi"]
[SourceDate "2008.01.05"]

1. c4 e5 2. Nc3 Nc6 3. g3 g6 4. Bg2 Bg7 5. Nf3 f5 6. d3 d6 7. O-O Nf6 8. Rb1
O-O 9. b4 h6 10. b5 Ne7 11. a4 Be6 12. Ba3 Rc8 13. Ne1 b6 14. Nc2 g5 15. Nb4
Qd7 16. Ncd5 Rce8 17. Nxe7+ Rxe7 18. Nc6 Ref7 19. d4 exd4 20. Nxd4 f4 21. Nxe6
Qxe6 22. Bb2 Re7 23. Bxf6 Qxf6 24. Rb3 Qe5 25. Bd5+ Kh8 26. e3 fxe3 27. Rxe3
Qf6 28. Rxe7 Qxe7 29. Re1 Be5 30. Kg2 Qf6 31. f3 Kg7 32. Qd3 h5 33. Qe4 Qf5 34.
Qxf5 Rxf5 35. Re3 Rf8 36. Re4 Bf6 37. Kf2 h4 38. gxh4 gxh4 39. Rg4+ Kh6 40. Be4
Bg5 41. Ke2 Rf4 42. h3 Rxg4 43. fxg4 Bc1 44. Bf5 d5 45. cxd5 Kg7 46. Kf3 Kf6
47. Ke4 Ba3 48. Bc8 Bd6 49. Be6 Kg5 50. Bd7 Kg6 51. Kf3 Kg5 52. Bc8 Bh2 53. d6
Bxd6 54. Ke4 Bh2 55. Kd5 Bg3 56. Ke6 Bh2 1/2-1/2

[Event "ITT Villa Martelli 2008 Verano"]
[Site "Villa Martelli ARG"]
[Date "2008.01.08"]
[Round "5.2"]
[White "Obregon, Andres Carlos"]
[Black "Moskow, Eric"]
[Result "1-0"]
[WhiteElo "2355"]
[BlackElo "2223"]
[PlyCount "57"]
[EventDate "2008.01.05"]
[EventType "tourn"]
[EventRounds "9"]
[EventCountry "ARG"]
[EventCategory "4"]
[Source "lmi"]
[SourceDate "2008.01.05"]

1. e4 g6 2. d4 c6 3. Nc3 d5 4. Nf3 Bg4 5. h3 Bxf3 6. Qxf3 e6 7. Be3 Nd7 8. Bd3
Qa5 9. O-O Ne7 10. Rfe1 a6 11. Bg5 h6 12. Bh4 g5 13. Bg3 Bg7 14. Ne2 Qd8 15. c3
O-O 16. exd5 cxd5 17. h4 Ng6 18. hxg5 Qxg5 19. Nf4 Nh4 20. Bxh4 Qxh4 21. g3 Qg5
22. Kg2 Nf6 23. Re5 Qg4 24. Qe3 Ne4 25. Be2 Qg6 26. Nxg6 fxg6 27. Rxe6 Kf7 28.
Rxe4 dxe4 29. Bc4+ 1-0

[Event "ITT Villa Martelli 2008 Verano"]
[Site "Villa Martelli ARG"]
[Date "2008.01.08"]
[Round "5.3"]
[White "De Dovitiis, Alejo"]
[Black "Iermito, Sebastian"]
[Result "1/2-1/2"]
[WhiteElo "2326"]
[BlackElo "2344"]
[PlyCount "51"]
[EventDate "2008.01.05"]
[EventType "tourn"]
[EventRounds "9"]
[EventCountry "ARG"]
[EventCategory "4"]
[Source "lmi"]
[SourceDate "2008.01.05"]

1. e4 g6 2. d4 d6 3. Nf3 Nf6 4. Nc3 Bg7 5. Be2 O-O 6. O-O Bg4 7. Be3 Nc6 8. Qd2
e5 9. dxe5 dxe5 10. Rad1 Bxf3 11. Bxf3 Qc8 12. Qc1 Rd8 13. Ne2 Qe6 14. a3 Bf8
15. h3 h5 16. Rfe1 a6 17. Ng3 Be7 18. Nf1 Rxd1 19. Rxd1 Rd8 20. Rxd8+ Nxd8 21.
Nd2 Qc6 22. c3 Bc5 23. Nc4 Bxe3 24. Nxe3 Kg7 25. Qd2 Ne6 26. Nd5 1/2-1/2

[Event "ITT Villa Martelli 2008 Verano"]
[Site "Villa Martelli ARG"]
[Date "2008.01.08"]
[Round "5.4"]
[White "Della Morte, Pablo"]
[Black "Fernandez, Daniel"]
[Result "1-0"]
[WhiteElo "2273"]
[BlackElo "2417"]
[PlyCount "107"]
[EventDate "2008.01.05"]
[EventType "tourn"]
[EventRounds "9"]
[EventCountry "ARG"]
[EventCategory "4"]
[Source "lmi"]
[SourceDate "2008.01.05"]

1. e4 c5 2. Nf3 d6 3. d4 cxd4 4. Nxd4 Nf6 5. Nc3 a6 6. f4 e5 7. Nf3 Nbd7 8. a4
Be7 9. Bd3 O-O 10. O-O Nc5 11. Kh1 exf4 12. Bxf4 Bg4 13. Qd2 Rc8 14. a5 Bh5 15.
Nh4 Ne6 16. Be3 Ng4 17. Bb6 Qd7 18. Nf3 Bd8 19. Nd5 Nf6 20. c4 Nxd5 21. exd5
Nc5 22. Bc2 Bxb6 23. axb6 Qd8 24. Ra3 Bg6 25. Bxg6 fxg6 26. Re1 Qxb6 27. Rae3
Qd8 28. Re7 Rc7 29. Rxc7 Qxc7 30. b4 Nd7 31. Qd4 Qb6 32. Qg4 Qxb4 33. Qe6+ Kh8
34. h3 Ne5 35. Qe7 Kg8 36. Rxe5 Qxc4 37. Qe6+ Kh8 38. Re1 Qc5 39. Qe7 Kg8 40.
Qe6+ Kh8 41. Qe7 Kg8 42. Qe4 h6 43. Kh2 Rf6 44. Re2 b5 45. Rc2 Qb6 46. Rc8+ Kh7
47. Qe8 g5 48. Qe4+ Rg6 49. Re8 Qc7 50. Re7 Qc4 51. Nd4 g4 52. hxg4 b4 53.
Rxg7+ Kxg7 54. Nf5+ 1-0

[Event "ITT Villa Martelli 2008 Verano"]
[Site "Villa Martelli ARG"]
[Date "2008.01.08"]
[Round "5.5"]
[White "Rodriguez Vila, Andres"]
[Black "Mayorga, Nicolas"]
[Result "1-0"]
[WhiteElo "2566"]
[BlackElo "2274"]
[PlyCount "146"]
[EventDate "2008.01.05"]
[EventType "tourn"]
[EventRounds "9"]
[EventCountry "ARG"]
[EventCategory "4"]
[Source "lmi"]
[SourceDate "2008.01.05"]

1. e4 c5 2. Nc3 d6 3. f4 g6 4. d4 cxd4 5. Qxd4 Nf6 6. e5 Nc6 7. Bb5 Nd7 8. Bxc6
bxc6 9. exd6 Nf6 10. Ne4 Nxe4 11. Qxe4 Qxd6 12. Be3 Bg7 13. Rd1 Bf5 14. Qc4 Qe6
15. Qxe6 Bxe6 16. Bd4 Bxd4 17. Rxd4 O-O 18. Ne2 Rfb8 19. b3 c5 20. Rd2 a5 21.
Nc3 c4 22. Kf2 Rb4 23. g3 Kg7 24. Re1 h5 25. Re5 h4 26. Na4 hxg3+ 27. hxg3 cxb3
28. cxb3 Ra7 29. Rd8 Rc7 30. Ke3 Rc2 31. Rd2 Bxb3 32. axb3 Rxb3+ 33. Rd3 Rg2
34. Rg5 Rxd3+ 35. Kxd3 f6 36. Rg4 g5 37. Ke4 Kg6 38. Kf3 Rd2 39. fxg5 f5 40.
Rc4 Kxg5 41. Nc5 Rd5 42. Kg2 e5 43. Ne6+ Kf6 44. Rc6 Rd2+ 45. Kh3 e4 46. Nf4+
Ke5 47. Rc5+ Kf6 48. Nd5+ Ke6 49. Ne3 Rf2 50. Rxa5 f4 51. Ra6+ Kd7 52. Ng4 Rf1
53. Kg2 Rb1 54. gxf4 Rb2+ 55. Kf1 Ke7 56. Ra4 Ke6 57. Ne3 Kf6 58. Rxe4 Ra2 59.
Rc4 Kg6 60. Rc5 Rb2 61. Nc2 Rb3 62. Kf2 Rh3 63. Ne3 Kh6 64. Ke2 Kg6 65. Kd3 Rh8
66. Rg5+ Kf6 67. Ng4+ Kf7 68. Ke4 Rd8 69. Ne5+ Kf6 70. Rg6+ Ke7 71. Rg7+ Kf6
72. Rf7+ Ke6 73. f5+ Kd6 1-0

[Event "ITT Villa Martelli 2008 Verano"]
[Site "Villa Martelli ARG"]
[Date "2008.01.09"]
[Round "6.1"]
[White "Fusco, Leonardo"]
[Black "Mayorga, Nicolas"]
[Result "1/2-1/2"]
[WhiteElo "2313"]
[BlackElo "2274"]
[PlyCount "38"]
[EventDate "2008.01.05"]
[EventType "tourn"]
[EventRounds "9"]
[EventCountry "ARG"]
[EventCategory "4"]
[Source "lmi"]
[SourceDate "2008.01.05"]

1. e4 e5 2. Nf3 Nc6 3. Bc4 Bc5 4. b4 Bxb4 5. c3 Be7 6. d4 Na5 7. Nxe5 Nxc4 8.
Nxc4 d5 9. exd5 Nf6 10. Qa4+ Qd7 11. Qxd7+ Bxd7 12. Ne3 O-O-O 13. a4 h5 14. c4
h4 15. Nc3 h3 16. g3 Bb4 17. Bd2 Rhe8 18. O-O Ng4 19. Rfe1 Nxe3 1/2-1/2

[Event "ITT Villa Martelli 2008 Verano"]
[Site "Villa Martelli ARG"]
[Date "2008.01.09"]
[Round "6.2"]
[White "Fernandez, Daniel"]
[Black "Rodriguez Vila, Andres"]
[Result "1/2-1/2"]
[WhiteElo "2417"]
[BlackElo "2566"]
[PlyCount "88"]
[EventDate "2008.01.05"]
[EventType "tourn"]
[EventRounds "9"]
[EventCountry "ARG"]
[EventCategory "4"]
[Source "lmi"]
[SourceDate "2008.01.05"]

1. Nf3 d6 2. d4 Bg4 3. g3 Bxf3 4. exf3 Nf6 5. Bg2 g6 6. b3 Bg7 7. Bb2 O-O 8.
O-O c6 9. f4 Qd7 10. Re1 Re8 11. Nd2 Na6 12. Nc4 Nc7 13. a4 Ncd5 14. Qd2 Rad8
15. a5 e6 16. Bf3 h5 17. Rad1 Qc7 18. h3 b5 19. axb6 axb6 20. Ra1 h4 21. Qe2 b5
22. Ne3 hxg3 23. fxg3 Nxe3 24. Qxe3 Nd5 25. Qd3 Qb6 26. Kg2 Ra8 27. h4 Rxa1 28.
Rxa1 Qb7 29. Qe2 Ra8 30. Rxa8+ Qxa8 31. c4 bxc4 32. bxc4 Ne7 33. d5 Bxb2 34.
Qxb2 cxd5 35. h5 Qf8 36. cxd5 Nxd5 37. Bxd5 exd5 38. hxg6 fxg6 39. Qb7 Qf5 40.
Qb8+ Kf7 41. Qxd6 Qe4+ 42. Kf2 Qd4+ 43. Kf3 Qd3+ 44. Kf2 Qd2+ 1/2-1/2